[Event "EWCCC Online Preliminary-D 2020"]
[Site "Online"]
[Date "2020.12.19"]
[Round "7.1"]
[White "Maisuradze, Nino"]
[Black "Fink-Nunn, Petra"]
[Result "1-0"]
[WhiteElo "2214"]
[BlackElo "1966"]
[Annotator "TA"]
[PlyCount "79"]
[EventDate "2020.12.19"]
[EventType "team-tourn"]
[EventCountry "NET"]
[SourceTitle "playchess.com"]
[Source "ChessBase"]
[SourceQuality "1"]

{[%evp 9,79,-19,-11,-17,0,-23,-14,-80,-89,-90,-89,-81,-39,-37,-15,-27,10,8,6,4,4,0,0,7,9,0,17,0,8,4,77,74,73,69,79,73,80,62,85,86,99,76,77,76,78,76,68,87,75,79,79,79,89,66,81,53,50,28,31,22,22,27,39,28,317,299,908,906,1948,1991,29997,793]} 1. d4 d5 2. Nf3 Nf6 3. e3 c5 4. Bd3 Nc6 5. b3 cxd4 6. exd4 {D04: Colle System.} g6 7. c3 Bg7 {[#]} 8. Qe2 $146 {[#]} (8. O-O $11) ({Predecessor:} 8. O-O O-O 9. Re1 Re8 10. h3 Bd7 11. Ne5 Rc8 12. Bb2 Nh5 13. Qf3 Nf6 14. Na3 {½-½ (66) Muslimovic,M-Omercic,M Neum 2002}) 8... O-O $1 $17 9. Bg5 Bg4 10. O-O Qd6 11. Nbd2 Rfe8 {Black wants to play ...e5.} 12. h3 Bxf3 13. Nxf3 e5 14. dxe5 Nxe5 15. Nxe5 Rxe5 16. Qd2 $36 {[%mdl 2048] White is more active.} Re6 17. Bf4 Qd7 18. Rad1 Rc8 19. c4 dxc4 (19... Ne4 $11 20. Bxe4 Rxe4) 20. Bxc4 $16 Qxd2 21. Rxd2 Re4 22. Be3 a6 23. Rfd1 b5 24. Be2 Re6 25. Bf3 h5 26. g4 hxg4 27. hxg4 Ne4 28. Rd8+ Rxd8 29. Rxd8+ Kh7 30. Rd7 Kg8 31. Ra7 f5 32. g5 Be5 33. Kg2 Kf8 34. a4 bxa4 35. bxa4 {a5 is the strong threat.} Rc6 36. a5 Re6 $2 {[%mdl 8192] [#] Loses the game.} (36... Bc7 $1 $11 {and Black is okay.}) 37. Bb6 $18 Nd2 $2 (37... Bc3 38. Rxa6 Re8) 38. Bd5 Rd6 39. Bc5 Bd4 40. Bxd6+ {Accuracy: White = 90%, Black = 61%.} 1-0

[Event "EWCCC Online Preliminary-D 2020"]
[Site "Online"]
[Date "2020.12.19"]
[Round "7.1"]
[White "Grigoryan, Meri"]
[Black "Sandu, Mihaela"]
[Result "0-1"]
[WhiteElo "2044"]
[BlackElo "2268"]
[Annotator "TA"]
[PlyCount "38"]
[EventDate "2020.12.19"]
[EventType "team-tourn"]
[EventCountry "NET"]
[SourceTitle "playchess.com"]
[Source "ChessBase"]
[SourceQuality "1"]

{[%evp 14,38,45,39,50,25,30,33,42,55,76,44,113,112,148,156,197,178,204,74,81,0,-4,-181,-170,-301,-277]} 1. d4 Nf6 2. c4 g6 3. Nc3 Bg7 4. e4 d6 5. h3 O-O 6. Nf3 Nbd7 7. Bg5 c6 8. Be2 a6 {E90: King's Indian: Classical: Early deviations and 6 h3.} 9. a4 e5 10. d5 cxd5 {White is slightly better.} 11. cxd5 Qb6 12. Qc2 {[#]} Nc5 $146 (12... Nh5 $1 $14) ({Predecessor:} 12... h6 13. Be3 Qd8 14. g4 Nc5 15. Nd2 a5 16. Nc4 b6 17. Bxc5 bxc5 18. Ra3 Ne8 {0-1 (43) Borg,A (2126)-Zarnicki,P (2507) Turin 2006}) 13. Nd2 $16 Qb4 14. O-O Bd7 {[#]} 15. Ra3 $1 Rfc8 16. Qb1 (16. Bxf6 $18 {and White stays clearly on top.} Bxf6 17. Nc4) 16... Nxa4 17. Nxa4 (17. Rb3 $16 Qa5 18. Rxb7) 17... Bxa4 $11 18. Bxf6 $2 (18. Bd3 $11 {and White stays safe.}) 18... Bxf6 19. Nc4 (19. Bd3 {was called for.}) 19... Bb5 {Weighted Error Value: White=0.55/Black=0.19} ({Not} 19... Rxc4 20. Bxc4 Rc8 21. Bd3 $14) 0-1

[Event "EWCCC Online Preliminary-D 2020"]
[Site "Online"]
[Date "2020.12.19"]
[Round "7.2"]
[White "Mammadova, Gulnar"]
[Black "Olde, Margareth"]
[Result "1-0"]
[WhiteElo "2382"]
[BlackElo "2233"]
[Annotator "TA"]
[PlyCount "73"]
[EventDate "2020.12.19"]
[EventType "team-tourn"]
[EventCountry "NET"]
[SourceTitle "playchess.com"]
[Source "ChessBase"]
[SourceQuality "1"]

{[%evp 10,72,36,22,69,87,134,154,145,140,147,125,145,138,187,186,174,87,75,95,64,90,16,21,243,197,197,195,230,231,227,228,219,216,251,255,291,246,275,233,29984,29985,29985,1206,29984,29985,29985,29986,29983,29984,29979,343,482,445,412,289,1204,1173,1312,1222,29996,29997,29998,29999,29999]} 1. e4 d6 2. d4 Nf6 3. Nc3 e5 4. Nf3 Nbd7 5. Bc4 Be7 6. a4 a5 {C41: Philidor Defence.} 7. Ng5 O-O 8. Bxf7+ $1 Rxf7 {White is clearly better.} 9. Ne6 $1 {[%cal Re6d8]} Qe8 {Strongly threatening ...Bd8.} 10. Nxc7 {[%mdl 64] Double Attack} Qd8 11. Nxa8 exd4 12. Qxd4 Nc5 13. Be3 (13. e5 $1 $18) 13... Bd7 $16 14. e5 dxe5 15. Qxe5 Ng4 (15... b6 $16) 16. Qc7 $11 {[#]} Qf8 $146 {This costs Black the game.} (16... Qxa8 $11 17. Bxc5 Bxc5) ({Predecessor:} 16... Qxa8 17. Bxc5 Bxc5 18. Qxc5 Qe8+ 19. Ne2 Rxf2 20. Qc4+ Kh8 21. Ra3 Ne5 22. Re3 Rxg2 23. Rf1 h6 24. Qc5 Qh5 25. Qxe5 {1-0 (25) Polasek,J (2316)-Anaskin,A (2203) Prague 2015}) 17. O-O-O {aiming for Bxc5.} Nxe3 18. fxe3 Qxa8 19. Rxd7 Nxd7 20. Qxd7 Bb4 21. Qe6 {Threatens to win with Rf1.} Bxc3 22. bxc3 $18 {[%mdl 4096] Endgame KQR-KQR} Kf8 23. Rd1 {And now Qb6 would win.} Rf6 24. Qd5 {Hoping for Qc5+.} Qa7 $2 (24... Qe8 $18 25. Qc5+ (25. Qxa5 Qxe3+ 26. Kb2 Rb6+ 27. Ka1 Ke7 $18) 25... Kg8 26. Qc4+ Kh8) 25. Qd8+ Kf7 26. Qd7+ (26. Rd7+ $142 Kg6 27. Qe8+ Kh6 28. Qe7 $1 {[%mdl 512]} Rf1+ 29. Kd2 $1 {[%mdl 512]} Rf2+ 30. Ke1 Rf1+ 31. Kxf1) 26... Kf8 27. Qc8+ Kf7 28. Rd7+ Kg6 29. Qe8+ Kh6 {[#]} 30. Rd4 $2 (30. Qe7 $1 {mates} Kh5 31. Qe5+ g5 {[#]} 32. g4+ $1 {[%mdl 576] Decoy} Kxg4 33. Qg3+ Kf5 34. Qf3+ Kg6 35. Qe4+ Rf5 36. Qe8+ Kh6 37. Rd6+ Kg7 38. Qe7+ Rf7 39. Qxg5+ Kh8 40. Rd8+ Rf8 41. Rxf8#) 30... g5 (30... Rf1+ {keeps fighting.} 31. Kd2 Qa6 32. Rh4+ Kg5 33. Rh5+ Kg4) 31. Qe5 Qa6 32. c4 {[%cal Bc3c4,Bc4c5][%mdl 32]} Qb6 $2 (32... Qe6 33. Qxe6 Rxe6) 33. c5 Rf1+ 34. Kd2 Qb1 35. Qe6+ {White mates.} Kh5 36. g4+ Kh4 37. Qh6# {Accuracy: White = 73%, Black = 31%.} 1-0

[Event "EWCCC Online Preliminary-D 2020"]
[Site "Online"]
[Date "2020.12.19"]
[Round "7.2"]
[White "Mamedjarova, Turkan"]
[Black "Narva, Regina"]
[Result "1-0"]
[WhiteElo "2309"]
[BlackElo "1901"]
[Annotator "TA"]
[PlyCount "101"]
[EventDate "2020.12.19"]
[EventType "team-tourn"]
[EventCountry "NET"]
[SourceTitle "playchess.com"]
[Source "ChessBase"]
[SourceQuality "1"]

{[%evp 9,101,50,63,52,87,51,65,49,56,47,54,56,109,33,33,22,62,-77,-75,-52,-66,-85,-95,-84,-75,-102,-104,-109,-69,-125,-107,-118,-121,-170,-164,-168,-186,-187,-171,-219,-209,-211,-193,-188,-8,-154,-98,-214,-220,-222,-117,-357,-371,-516,-293,-504,-515,-464,16,35,15,13,41,36,43,40,521,521,517,509,612,574,29972,29973,29961,5595,29976,29975,29977,29976,29986,29987,29984,29984,29987,29988,29989,29990,29990,29991,29991,29992,29993,29994]} 1. d4 Nf6 2. Nf3 g6 3. c4 d6 4. Nc3 b6 5. e4 Bg7 6. h3 {E61: King's Indian: Early deviations for White, including Smyslov System.} c5 {[#]} 7. dxc5 $146 ({Predecessor:} 7. Be3 O-O 8. Qd2 Bb7 9. d5 Nbd7 10. Bd3 Re8 11. g4 Nf8 12. a4 a5 13. O-O-O {1-0 (30) Patriarca,L (2283)-Skehan,C Turin 2006}) 7... bxc5 8. e5 {White is slightly better.} dxe5 9. Qxd8+ ({But not} 9. Nxe5 Qxd1+ 10. Nxd1 Bb7 $11) 9... Kxd8 10. Nxe5 Be6 (10... Ke8 $14) 11. Be3 (11. Bf4 $16) 11... Nfd7 $14 12. Nxd7 Nxd7 13. Ne4 (13. Rc1 $14 {stays ahead.}) 13... Bxb2 $17 14. Rd1 Ke8 15. f4 Rc8 16. Be2 h6 17. O-O f5 18. Nd2 Nb6 19. h4 (19. Rb1 $15 Bg7 20. Rfc1) 19... Bf6 20. h5 g5 21. fxg5 hxg5 22. Bd3 f4 ({Resist} 22... Rxh5 23. Rxf5 Rd8 24. Be2 $15) 23. Bf2 Bg4 ({Don't take} 23... Rxh5 24. Bg6+ Bf7 25. Bxh5 $15) 24. Rb1 Bxh5 25. Ne4 {[#]} Kf7 $1 26. Nxc5 g4 $2 (26... Bg6 $19 {Threatens to win with ...Bxd3.} 27. Bxg6+ Kxg6) 27. g3 (27. Ne4 $1 $11 {was the only way to keep the balance.}) 27... fxg3 ({Better is} 27... Bg6 28. Bxg6+ Kxg6) 28. Be3 (28. Bd4 $17) 28... Bg6 $19 29. Rbc1 {[#]} Rh2 (29... g2 $1 $19 30. Kxg2 Rh3 31. Bxg6+ Kxg6) 30. Bxg6+ $2 (30. Rf4 $17) 30... Kxg6 31. Rf4 Rh4 32. Nd3 $2 (32. Re4) 32... Rch8 33. Kg2 Bg5 $2 (33... Rh2+ $19 34. Kg1 e5 35. Rxf6+ Kxf6 36. Rf1+ Ke6 37. Nc5+ Ke7 38. Bg5+ Ke8) 34. Ne5+ $11 {[%mdl 64] Double Attack} Kh5 $1 {White must now prevent ...Rh2+.} 35. Rf5 Rg8 {Hoping for ...Rh2+.} 36. Nf7 $1 $36 {[%cal Rf7g5][%mdl 2048] White is pushing.} Rh2+ 37. Kg1 $1 {[%cal Rf7g5]} Kg6 $2 {[%mdl 8192]} (37... Re2 $1 $14 38. Bxg5 Kg6) 38. Rxg5+ $18 {[%mdl 64] Double Attack} Kxf7 39. Rf1+ Rf2 40. Bxf2 gxf2+ 41. Rxf2+ Ke6 42. Rxg8 Nxc4 43. Rxg4 {[%mdl 4096] Endgame. White mates.} Nd6 44. Ra4 Ke5 45. Rxa7 e6 46. a4 {[%cal Ba2a4,Ba4a5,Ba5a6][%mdl 32]} Ne4 {[#]} 47. Re2 $1 Kd4 48. Rd7+ Ke5 49. a5 Kf5 {[#]} 50. Rxe4 $1 {[%mdl 64] Promotion} Kxe4 51. a6 {Weighted Error Value: White=0.42/Black=0.82} 1-0

[Event "EWCCC Online Preliminary-D 2020"]
[Site "Online"]
[Date "2020.12.19"]
[Round "7.2"]
[White "Narva, Mai"]
[Black "Mammadzada, Gunay"]
[Result "0-1"]
[WhiteElo "2276"]
[BlackElo "2443"]
[Annotator "TA"]
[PlyCount "78"]
[EventDate "2020.12.19"]
[EventType "team-tourn"]
[EventCountry "NET"]
[SourceTitle "playchess.com"]
[Source "ChessBase"]
[SourceQuality "1"]

{[%evp 11,78,-11,0,0,28,25,47,39,47,39,35,33,24,1,72,-12,44,23,114,5,48,-36,-6,-12,-5,-29,0,-92,-63,-97,-65,-67,-61,-59,-75,-89,-99,-105,-101,-456,-444,-740,-717,-547,-139,-270,0,0,62,-622,-622,-612,-612,-582,-555,-1984,-1882,-29977,-29978,-29978,-29979,-29979,-29980,-29980,-29975,-29981,-29982,-6809,-1199]} 1. e4 c5 2. Nf3 d6 3. d4 cxd4 4. Nxd4 Nf6 5. Nc3 a6 6. Rg1 g6 7. g4 {B90: Sicilian Najdorf: Unusual White 6th moves, 6 Be3 Ng4 and 6 Be3 e5.} Bg7 8. g5 {8.Be3 is vanishing.} Nfd7 9. Be3 {White is slightly better.} b5 10. Qd2 Bb7 11. O-O-O Nb6 {[#]} 12. a3 $146 ({Predecessor:} 12. Nb3 Nc6 13. f4 Rc8 14. Qf2 Nd7 15. e5 dxe5 16. Nc5 Rc7 17. Bh3 Bc8 18. Nxd7 Rxd7 {1-0 (27) Petrosian,D (2460)-Ibrayev,N (2518) Alushta 2008}) 12... N8d7 (12... O-O $11) 13. f4 ({White should play} 13. h4 $16) 13... Nc5 (13... Rc8 $11) 14. f5 $14 O-O (14... Nxe4 15. Nxe4 Bxe4 16. f6 $1 $11 {[%mdl 512]}) (14... Rc8 $11) 15. Bd3 (15. f6 $1 $16 {[%cal Rf6g7]} exf6 16. Nf5 $1 {[%mdl 512]}) 15... Rc8 16. Kb1 (16. f6 $1 $14 Bh8 17. Kb1) 16... d5 {[%cal Rd5e4]} 17. e5 Bxe5 {White should prevent ...Qd6.} 18. h4 $1 Ne4 ({Much less strong is} 18... Nxd3 19. cxd3 Qd7 20. Nce2 $17) 19. Bxe4 (19. Nxe4 $1 $11 {keeps the balance.} dxe4 20. Be2) 19... dxe4 $17 20. Qe1 Qc7 21. fxg6 hxg6 22. h5 $1 {Strongly threatening Qh4.} Nd5 $36 {[%mdl 2048] Black has strong initiative.} ({Don't go for} 22... gxh5 $2 23. g6 $18) 23. Nxd5 Bxd5 24. hxg6 fxg6 {And now ...Bxd4 would win.} 25. c3 $2 {[%mdl 8192]} (25. Qe2 $17) 25... Qc4 $19 {Threatens to win with ...Qa2+.} 26. Rh1 (26. b3 $142 Qxc3 27. Bc1) 26... Qa2+ 27. Kc1 {[#]} Rf7 $2 (27... Rf3 $1 $19 {[%mdl 512] is more deadly.} 28. Rh6 (28. Nxf3 Bb3) 28... Bb3 29. Nxb3 Bxc3 30. bxc3 Qxb3) 28. Rh6 (28. Nc2 $17 {was worth a try.}) 28... Bg7 $2 (28... a5 $19 {White must now prevent ...b4.} 29. Nc2 b4 $1 {[%mdl 512]} 30. axb4 axb4 31. Rxg6+ Rg7 32. Rxg7+ Bxg7) 29. Rxg6 $11 {[#] Hoping for Nc2.} Bc4 (29... b4 $1 $11 {[%mdl 512]} 30. axb4 Qa1+ 31. Kc2 Qa4+ 32. Kc1 Qa1+ 33. Kc2 Qa4+ 34. Kc1 Qa1+) 30. Qg3 $2 {[%mdl 8192]} (30. Nc2 $14 e5 31. Qg3) 30... Qa1+ $19 ({Less strong is} 30... Bd3 31. Nc2 $17) 31. Kc2 Bd3+ 32. Rxd3 exd3+ 33. Kxd3 {intending Kc2.} Qb1+ 34. Nc2 Rd8+ 35. Bd4 Qd1+ 36. Ke3 Qxc2 {[%mdl 64] Double Attack} 37. Rxg7+ Rxg7 38. Qe5 Qc1+ 39. Ke2 Qxg5 {Weighted Error Value: White=0.86/Black=0.58} 0-1

[Event "EWCCC Online Preliminary-D 2020"]
[Site "Online"]
[Date "2020.12.19"]
[Round "7.2"]
[White "Narva, Triin"]
[Black "Balajayeva, Khanim"]
[Result "0-1"]
[WhiteElo "2100"]
[BlackElo "2376"]
[Annotator "TA"]
[PlyCount "68"]
[EventDate "2020.12.19"]
[EventType "team-tourn"]
[EventCountry "NET"]
[SourceTitle "playchess.com"]
[Source "ChessBase"]
[SourceQuality "1"]

{[%evp 10,67,37,11,14,4,13,12,23,10,37,27,58,49,53,6,18,0,20,0,0,-16,0,0,0,0,7,-26,-23,-60,-14,-16,-8,-49,-41,-64,-69,-71,-67,-79,-75,-121,-106,-154,-120,-285,-112,-344,-260,-708,-708,-698,-689,-29996,-29997,-29997,-29998,-29998,-29999,-29999]} 1. e4 c6 2. d4 d5 3. Nc3 dxe4 4. Nxe4 Nf6 5. Nxf6+ exf6 6. Be3 Bd6 {B15: Caro-Kann: 3 Nc3: 3...g6 and 3...dxe4 4 Nxe4 Nf6 5 Nxf6+ exf6.} 7. Qd2 Be6 8. Bd3 O-O {The position is equal.} 9. Ne2 {[#]} Qc7 $146 ({Predecessor:} 9... a5 10. Ng3 Re8 11. O-O Na6 12. c3 b5 13. Qc2 g6 14. Ne4 Bf8 15. Rad1 Nc7 {0-1 (39) Cappagli,A (1847)-Paoli,W (2011) Pescia 2013}) 10. c4 Nd7 {[%cal Bb8d7,Bd7f8,Bf8g6][%mdl 32]} 11. c5 Be7 12. Bf4 Qc8 13. O-O Re8 14. Ng3 Nf8 15. Ne4 Ng6 16. Nd6 Bxd6 17. Bxd6 Bd5 {...Bxg2! is the strong threat.} 18. Bxg6 hxg6 19. Rfe1 Qg4 {[%csl Gd5][%cal Rg4g2] [#]} 20. f3 $1 {[%mdl 512]} Qf5 (20... Bxf3 21. h3) 21. Kh1 g5 22. b3 g4 23. fxg4 Qxg4 24. Qf2 a5 {[%cal Ba7a5,Ba5a4][%mdl 32]} 25. Bg3 a4 26. b4 a3 27. Re3 $2 (27. Kg1 $17) 27... Re4 $2 (27... Rxe3 $19 {has better winning chances.} 28. Qxe3 f5) 28. Rae1 $2 (28. h3 $17 {is a better defense.} Qe6 29. Rxe4 Bxe4 30. Kh2) 28... Rxd4 29. Re8+ $2 (29. Kg1 Rxb4 30. h3) 29... Rxe8 $19 30. Rxe8+ Kh7 31. h4 Qh3+ {Black mates.} 32. Kg1 Rd1+ 33. Re1 Rxe1+ {[%mdl 64] [#] Overworked Piece} 34. Qxe1 Qxg2# {Weighted Error Value: White=0.60/Black=0.21} 0-1

[Event "EWCCC Online Preliminary-D 2020"]
[Site "Online"]
[Date "2020.12.19"]
[Round "7.3"]
[White "Bodnaruk, Anastasia"]
[Black "Esadze, Tamari"]
[Result "1/2-1/2"]
[WhiteElo "2423"]
[BlackElo "1889"]
[Annotator "TA"]
[PlyCount "114"]
[EventDate "2020.12.19"]
[EventType "team-tourn"]
[EventCountry "NET"]
[SourceTitle "playchess.com"]
[Source "ChessBase"]
[SourceQuality "1"]

{[%evp 15,114,24,68,12,52,26,83,58,66,70,64,13,102,53,57,0,3,0,0,-1,0,0,17,20,14,14,11,11,10,0,20,0,0,0,0,0,0,0,0,0,0,0,14,0,0,0,0,0,0,0,0,0,0,0,0,0,11,0,68,62,121,119,201,164,221,8,30,0,0,0,0,0,0,0,0,0,0,0,0,0,0,0,0,0,0,0,0,0,0,0,0,0,0,0,0,0,0,0,0,0,0]} 1. e4 c5 2. Nc3 Nc6 3. Bb5 d6 4. Bxc6+ bxc6 5. f4 Nf6 6. d3 e6 7. Nf3 Be7 8. O-O O-O 9. Kh1 {B23: Closed Sicilian: Lines without g3.} (9. e5 $14) 9... Rb8 10. b3 {[#]} (10. e5 $5 {[%cal Re5f6]}) 10... a5 $146 (10... d5 $11 {remains equal.}) ({Predecessor:} 10... Re8 11. e5 Nd5 12. Ne4 dxe5 13. Nxe5 Qc7 14. Qh5 Rf8 15. Bd2 f6 16. Nc4 Bd7 {1-0 (33) Perez,L (1982)-Aguilar,N (1930) Ibague 2013}) 11. Na4 {White is better.} d5 12. e5 Nd7 13. c4 (13. Ba3 $14) 13... Qc7 (13... Nb6 $1 $11) 14. Qe2 Nb6 15. Nc3 ({White should play} 15. Ba3 $14) 15... Ra8 16. Ba3 a4 17. Qf2 axb3 18. axb3 Nd7 19. Na4 Bb7 20. Rfc1 Rfb8 21. Rab1 Qa5 22. Nd2 Ba6 23. d4 {[%cal Ra4c5]} (23. g3 {with more complications.} Re8 24. Kg2 Bb7 25. Kg1 Ba6 26. Rc2) 23... dxc4 24. Nxc4 Bxc4 25. Rxc4 {[%cal Rd4c5]} Nb6 26. Nxb6 Rxb6 27. Bxc5 Bxc5 28. dxc5 Rb4 29. Qc2 Rab8 30. h3 h6 31. Qc3 Qa3 {[%cal Rb4b3]} 32. Rxb4 Rxb4 33. Ra1 Qxb3 34. Qxb3 Rxb3 $11 {[%mdl 4096] Endgame KR-KR} 35. Ra6 Rb1+ 36. Kh2 Rb4 (36... g5 $11) 37. Kg3 $1 $14 Rc4 (37... g5 $14) 38. Rxc6 $16 g6 {[#]} (38... Rc3+ $16 39. Kg4 Kh7) 39. Rc8+ $1 $18 Kg7 (39... Kh7 {keeps fighting.} 40. c6 Kg7) 40. h4 $2 (40. c6 $18) 40... g5 $11 41. h5 {fxg5 is the strong threat.} (41. hxg5 hxg5 42. fxg5 Kg6 $14) 41... gxf4+ {The position is equal.} 42. Kf3 Kh7 43. c6 Kg7 44. Ke2 Rc2+ 45. Kf3 Rc4 46. c7 Kh7 $1 47. Ke2 Kg7 48. Kd3 Rc1 49. Kd4 Kh7 50. Ke4 Rc4+ 51. Kf3 Kg7 52. g3 fxg3 53. Kxg3 Kh7 54. Kf3 Kg7 55. Ke3 Kh7 56. Kd3 Rc1 57. Kd4 Kg7 {Weighted Error Value: White=0.19/Black=0.17} 1/2-1/2

[Event "EWCCC Online Preliminary-D 2020"]
[Site "Online"]
[Date "2020.12.19"]
[Round "7.3"]
[White "Maltsevskaya, Aleksandra"]
[Black "Lomaia, Diana"]
[Result "1-0"]
[WhiteElo "2311"]
[BlackElo "1946"]
[Annotator "RC"]
[PlyCount "43"]
[EventDate "2020.12.19"]
[EventType "team-tourn"]
[EventCountry "NET"]
[SourceTitle "playchess.com"]
[Source "ChessBase"]
[SourceQuality "1"]
[TimeControl "900+5"]

1. e4 {[%emt 0:00:00]} c5 {[%emt 0:00:03]} 2. Nf3 {[%emt 0:00:02]} e6 {[%emt 0:00:04]} 3. d4 {[%emt 0:00:04]} cxd4 {[%emt 0:00:01]} 4. Nxd4 {[%emt 0:00:02]} Nc6 {[%emt 0:00:02]} 5. Nc3 {[%emt 0:00:02]} Qc7 {[%emt 0:00:03]} 6. f4 {[%emt 0:00:03]} a6 {[%emt 0:00:07]} 7. Nxc6 {[%emt 0:00:03]} Qxc6 {[%emt 0:00:07]} 8. Bd3 {[%emt 0:00:01]} Bc5 {[%emt 0:00:08]} 9. Bd2 {[%emt 0:00:13]} b5 {[%emt 0:02:13]} 10. Qh5 {[%emt 0:00:10]} b4 {[%emt 0:00:45]} 11. Na4 {[%emt 0:00:08]} Ba7 {[%emt 0:01:52]} 12. Qa5 {[%emt 0:01:20]} Nf6 {[%emt 0:00:48]} 13. O-O-O {[%emt 0:02:41]} Ng4 {[%emt 0:03:23]} 14. Bxb4 {[%emt 0:01:52]} Nf2 {[%emt 0:00:23]} 15. Qg5 {[%emt 0:00:11]} d6 {[%emt 0:01:09]} 16. Qxg7 {[%emt 0:00:02]} Ke7 {[%emt 0:01:41]} 17. Qxh8 {[%emt 0:00:36]} Nxd1 {[%emt 0:00:23]} 18. Rxd1 {[%emt 0:00:05]} Bb7 {[%emt 0:01:34]} 19. Qc3 {[%emt 0:00:17]} Qxa4 {[%emt 0:00:16]} 20. Bxd6+ {[%emt 0:00:03]} Ke8 {[%emt 0:00:17]} 21. Qf6 {[%emt 0:00:10]} Be3+ {[%emt 0:00:44]} 22. Kb1 {[%emt 0:00:03]} 1-0

[Event "EWCCC Online Preliminary-D 2020"]
[Site "Online"]
[Date "2020.12.19"]
[Round "7.3"]
[White "Pipia, Ekaterine"]
[Black "Salimova, Nurgyul"]
[Result "0-1"]
[WhiteElo "2019"]
[BlackElo "2397"]
[Annotator "TA"]
[PlyCount "72"]
[EventDate "2020.12.19"]
[EventType "team-tourn"]
[EventCountry "NET"]
[SourceTitle "playchess.com"]
[Source "ChessBase"]
[SourceQuality "1"]

{[%evp 21,71,-20,-6,-139,-123,-132,-31,-27,3,-66,-58,-89,-62,-106,-104,-142,-133,-147,-143,-149,-143,-141,-151,-155,-158,-296,-289,-260,-181,-211,-212,-445,-462,-298,-177,-1359,-1315,-1164,-1080,-29969,-29968,-2897,-2119,-29986,-29968,-6387,-6195,-29985,-29984,-29995,-29996,-29999]} 1. d4 e6 2. c4 Bb4+ 3. Nc3 Nf6 4. Bg5 b6 5. Nf3 Bb7 6. e3 h6 7. Bh4 g5 8. Bg3 Ne4 9. Qc2 Bxc3+ 10. bxc3 d6 11. Bd3 f5 12. Nd2 {[#] E13: Queen's Indian/Nimzo-Indian hybrid: 4 Nc3 Bb7 5 Bg5 h6 6 Bh4 Bb4.} (12. a4 $11) 12... Nxd2 $1 $17 13. Kxd2 Nd7 (13... Bxg2 $17 14. Rhe1 Nd7) 14. f3 $15 {Black is slightly better.} Qf6 {[#]} 15. h4 $146 (15. Qa4 $11) ({Predecessor:} 15. c5 f4 16. Bf2 O-O-O 17. Qa4 Kb8 18. Rab1 dxc5 19. Qb5 e5 20. d5 Kc8 21. a4 a5 {½-½ (21) Matyunin,M (2089)-Matyunin,V (2044) Moscow 2016}) 15... O-O-O 16. a4 {White is now going downhill.} a5 17. Rab1 Rdg8 {And now ...gxh4 would win.} 18. h5 {[#]} g4 $1 {[%cal Rg4f3]} 19. Bh4 Qf7 20. Rbf1 gxf3 21. gxf3 Rg2+ 22. Be2 Rhg8 23. e4 (23. Qd1 $17 {keeps fighting.}) 23... Ba6 $19 ({Don't play} 23... Qxh5 24. Qd3 $19) ({Resist} 23... fxe4 24. fxe4 Qh7 25. Kc1 $19) 24. Bf2 f4 25. Kc1 e5 26. c5 $2 (26. d5) 26... Bxe2 27. Qxe2 {next Qa6+ is good for White.} dxc5 (27... Qb3 $142 28. Qc2 Qa3+ 29. Qb2 Qxa4 30. cxd6 cxd6) 28. dxc5 $2 (28. d5) 28... Nxc5 29. Rhg1 Qb3 {[%mdl 64] Double Attack} 30. Rd1 Qxc3+ 31. Kb1 Qb4+ 32. Ka2 Qxa4+ 33. Kb1 Qb4+ 34. Ka2 Na4 {Black mates.} 35. Qa6+ Kb8 {[%csl Ga4][%cal Rb4b2]} 36. Rxg2 Qb2# {Weighted Error Value: White=1.18/Black=0.36} 0-1

[Event "EWCCC Online Preliminary-D 2020"]
[Site "Online"]
[Date "2020.12.19"]
[Round "7.3"]
[White "Koridze, Lile"]
[Black "Gunina, Valentina"]
[Result "0-1"]
[WhiteElo "2016"]
[BlackElo "2451"]
[Annotator "TA"]
[PlyCount "52"]
[EventDate "2020.12.19"]
[EventType "team-tourn"]
[EventCountry "NET"]
[SourceTitle "playchess.com"]
[Source "ChessBase"]
[SourceQuality "1"]

{[%evp 17,52,12,11,8,8,0,-2,-6,0,-86,-85,-250,-256,-360,-355,-360,-366,-366,-372,-366,-374,-373,-372,-368,-362,-368,-365,-366,-366,-396,-389,-397,-386,-495,-495,-510,-510]} 1. d4 d5 2. c4 c6 3. cxd5 cxd5 4. Bf4 Nf6 5. e3 Nc6 6. Nc3 a6 7. Nf3 Bg4 8. Be2 e6 9. O-O Bd6 10. Ne5 {D13: Slav Defence: Exchange variation without ...Bf5.} Bxe2 11. Qxe2 Bxe5 12. dxe5 {The position is equal.} Nd7 {[#]} 13. e4 $146 (13. Qg4 $11 {keeps the balance.}) ({Predecessor:} 13. Qg4 g6 14. Qg3 h6 15. h4 g5 16. hxg5 Rg8 17. g6 Rxg6 18. Qh2 Qe7 19. Rac1 {1-0 (47) Lichmann,P (2375)-Gisbrecht,E (2436) Germany 2008}) 13... d4 $17 14. Nd5 $2 (14. Na4 $17) 14... O-O $19 ({Not} 14... exd5 15. exd5 Ne7 16. e6 $15) ({Less strong is} 14... Ncxe5 15. Qh5 $15) ({Don't take} 14... Ndxe5 15. Nb4 $17) 15. Rfe1 (15. Rac1 $142) 15... exd5 16. exd5 {[#]} Ncxe5 $1 {[%mdl 512]} 17. Bxe5 Re8 18. f4 f6 19. Qd2 fxe5 20. fxe5 Nxe5 21. Qxd4 Qf6 {White must now prevent ...Nf3+!} 22. Kh1 Rad8 23. Rad1 Nf7 24. Qb4 Rxe1+ 25. Qxe1 Qxb2 26. d6 Qe5 {White did not feel at home in the position after the opening. Accuracy: White = 53%, Black = 100%.} 0-1